Sovereignty within the law / (Record no. 62076)
[ view plain ]
| 000 -LEADER | |
|---|---|
| fixed length control field | 00807nam a2200241 a 4500 |
| 001 - CONTROL NUMBER | |
| control field | 62076 |
| 003 - CONTROL NUMBER IDENTIFIER | |
| rucl marc code | BD-RjUL |
| 005 - DATE AND TIME OF LATEST TRANSACTION | |
| control field | 20211209081036.0 |
| 008 - FIXED-LENGTH DATA ELEMENTS--GENERAL INFORMATION | |
| fixed length control field | 170122s1965 nyu b 001 0 eng d |
| 035 ## - SYSTEM CONTROL NUMBER | |
| System control number | (BD-RjUL)62201 |
| 040 ## - CATALOGING SOURCE | |
| Original cataloging agency | DLC |
| Transcribing agency | WBU |
| Modifying agency | SER |
| -- | BD-RjUL |
| -- | UKM |
| -- | EQO |
| Language of cataloging | eng |
| 041 ## - LANGUAGE CODE | |
| Language code of text/sound track or separate title | eng |
| 082 ## - DEWEY DECIMAL CLASSIFICATION NUMBER | |
| Classification number | 341.26 |
| Edition number | 23 |
| Author mark and year | LAS 1965 |
| 100 1# - MAIN ENTRY--PERSONAL NAME | |
| Personal name | Larson, Arthur. |
| 9 (RLIN) | 184671 |
| 245 10 - TITLE STATEMENT | |
| Title | Sovereignty within the law / |
| Statement of responsibility, etc. | Arthur Larson, C. Wilfred Jenks, and others. |
| 260 ## - PUBLICATION, DISTRIBUTION, ETC. (IMPRINT) | |
| Place of publication, distribution, etc. | Dobbs Ferry, NY : |
| Name of publisher, distributor, etc. | Oceana Publications ; |
| Place of publication, distribution, etc. | London : |
| Name of publisher, distributor, etc. | Stevens & Sons, |
| Date of publication, distribution, etc. | 1965. |
| 300 ## - PHYSICAL DESCRIPTION | |
| Pagination | x, 492 p. ; |
| Size | 24 cm. |
| 504 ## - BIBLIOGRAPHY, ETC. NOTE | |
| Bibliography, etc | Includes bibliographical references and index. |
| 650 #0 - SUBJECT ADDED ENTRY--TOPICAL TERM | |
| Topical term or geographic name as entry element | Sovereignty. |
| 9 (RLIN) | 184672 |
| 700 1# - ADDED ENTRY--PERSONAL NAME | |
| Personal name | Jenks, C. Wilfred |
| Fuller form of name | (Clarence Wilfred), |
| Dates associated with a name | 1909-1973. |
| 942 ## - ADDED ENTRY ELEMENTS (KOHA) | |
| Source of classification or shelving scheme | Dewey Decimal Classification |
| Koha item type | Books |
| Lost status | Source of classification or shelving scheme | Damaged status | Not for loan | Collection code | Permanent Location | Current Location | Shelving location | Date acquired | Source of acquisition | Cost, normal purchase price | Total Checkouts | Full call number | Date last seen | Copy number | Koha item type |
|---|---|---|---|---|---|---|---|---|---|---|---|---|---|---|---|
| Dewey Decimal Classification | Not For Loan | Non-fiction | Central Library, University of Rajshahi | Central Library, University of Rajshahi | Reading Room | 11/08/1971 | Zeithlinger. | 130.00 | 341.26 LAS 1965 | 22/01/2017 | C-1 | Books |